000 00636nam a2200169Ia 4500
003 GCL
008 140319s9999 xx 000 0 ara d
040 _aGCL /
_cGCL
082 0 4 _a923.2
_bن ت
100 1 _aالنباهي:ابو الحسن على بن عبد الله بن محمد المالقي
245 1 0 _aتاريخ قضاة الاندلس /
_cالنباهي:ابو الحسن على بن عبد الله بن محمد المالقي
260 _aبيروت :
_bدار الامل للنشر والتوزيع ،
_c1983
300 _a250 ص ؛
_c24سم
650 0 4 _aالقضاء
650 0 4 _aالقضاة
942 _2ddc
_cBK
999 _c30791
_d30791